El ser hispanoamericano

保存先:
書誌詳細
第一著者: Barahona Jiménez, Luis
フォーマット: 図書
言語:Undetermined
出版事項: Madrid, España Meléndez Valdés 1959
主題:
タグ: タグ追加
タグなし, このレコードへの初めてのタグを付けませんか!

MARC

LEADER 00000nam a2200000Ia 4500
008 170316s9999 xx 000 0 und d
040 |a cru BVZT 
090 |a A-860 B-3s 
100 |a Barahona Jiménez, Luis 
245 |a El ser hispanoamericano 
260 |a Madrid, España 
260 |b Meléndez Valdés 
260 |c 1959 
300 |a 288 páginas 
650 |a LITERATURA LATINOAMERICANA 
650 |a ANTOLOGÍA 
999 |c 12480  |d 12480 
942 |c 15 D  |h A-860 B-3s  |2 z